Central Library OPAC University of Rajshahi

The electronic musical instrument manual : (Record no. 16492)

MARC details
000 -LEADER
fixed length control field 00869cam a22002652 4500
001 - CONTROL NUMBER
control field 16492
003 - CONTROL NUMBER IDENTIFIER
rucl marc code BD-RJUL
005 - DATE AND TIME OF LATEST TRANSACTION
control field 20211209000021.0
008 - FIXED-LENGTH DATA ELEMENTS--GENERAL INFORMATION
fixed length control field 140213r1958 e 001 0 eng u
035 ## - SYSTEM CONTROL NUMBER
System control number (BD-RjUL)16547
040 ## - CATALOGING SOURCE
Transcribing agency ORL
Modifying agency OCL
-- UKM
-- EQO
-- BD-RjUL
Original cataloging agency DLC
Language of cataloging eng
041 ## - LANGUAGE CODE
Language code of text/sound track or separate title eng
082 04 - DEWEY DECIMAL CLASSIFICATION NUMBER
Classification number 786.92
Author mark and year DOE 1958
100 1# - MAIN ENTRY--PERSONAL NAME
Personal name Douglas, Alan,
Dates associated with a name 1899-1999.
9 (RLIN) 50974
245 14 - TITLE STATEMENT
Title The electronic musical instrument manual :
Remainder of title a guide to theory and design /
Statement of responsibility, etc. Foreword by Osborne H. Peasgood.
250 ## - EDITION STATEMENT
Edition statement 3rd ed.
260 ## - PUBLICATION, DISTRIBUTION, ETC. (IMPRINT)
Place of publication, distribution, etc. London :
Name of publisher, distributor, etc. I. Pitman,
Date of publication, distribution, etc. 1957 [reprinted 1958].
300 ## - PHYSICAL DESCRIPTION
Pagination 247 p. :
Illustrations illus. ;
Size 23 cm.
504 ## - BIBLIOGRAPHY, ETC. NOTE
Bibliography, etc includes index.
650 #0 - SUBJECT ADDED ENTRY--TOPICAL TERM
Topical term or geographic name as entry element Electronic musical instruments.
9 (RLIN) 50975
Topical term or geographic name as entry element Music
General subdivision Acoustics and physics.
9 (RLIN) 26320
Topical term or geographic name as entry element Musical inventions and patents.
9 (RLIN) 50976
942 ## - ADDED ENTRY ELEMENTS (KOHA)
Source of classification or shelving scheme Dewey Decimal Classification
Koha item type Books
Holdings
Lost status Source of classification or shelving scheme Damaged status Not for loan Collection code Permanent Location Current Location Shelving location Date acquired Source of acquisition Cost, normal purchase price Total Checkouts Full call number Date last seen Copy number Koha item type
  Dewey Decimal Classification   Not For Loan Non-fiction Central Library, University of Rajshahi Central Library, University of Rajshahi Reading Room 28/02/1969 pak American commiercial , karachi 26.25   786.92 DOE 1958 13/02/2014 C-1 Books